Lecciones de derecho administrativo /
Descripción Física:
728 pàgines ; 24 cm
Colección:
Biblioteca "Jurispericia" de Derecho de Entidades Locales
; 3
Idioma:
Catalán
MARC
| LEADER | 00000nam a22000007a 4500 | ||
|---|---|---|---|
| 001 | 29126 | ||
| 003 | AGDB | ||
| 005 | 20260324181541.0 | ||
| 008 | 251216b spa||||| |||| 00| 0 cat d | ||
| 017 | |2 Oficina Depòsit Legal Madrid |a M 1616-1958 | ||
| 100 | |a Balbín Pechuán, Vicente |9 27694 | ||
| 245 | |a Lecciones de derecho administrativo / |c por Vicente Balbin Pechuan | ||
| 260 | |a Madrid : |b Jurispericia, |c 1958 | ||
| 300 | |a 728 pàgines ; |c 24 cm | ||
| 490 | |a Biblioteca "Jurispericia" de Derecho de Entidades Locales ; |v 3 | ||
| 942 | |2 udc |c ARXIU |n 1 | ||
| 952 | |0 0 |1 0 |2 udc |4 0 |6 D241 |7 1 |9 98793 |a Arxiu |b Arxiu |d 2025-12-16 |l 0 |o D-2-41 |p 29126 |r 2025-12-16 10:36:57 |w 2025-12-16 |y ARXIU | ||
| 999 | |c 130488 |d 130488 | ||